| 000 | 00455nam a2200157 a 4500 | ||
|---|---|---|---|
| 001 | 742 | ||
| 003 | CDMR | ||
| 005 | 20130306135733.0 | ||
| 008 | 130130s1976||||||||||||||||||||||||||||d | ||
| 020 | _a9788436800531 | ||
| 040 |
_aCDMR _bcat _cCPC LLEIDA |
||
| 100 | 1 |
_aLópez De Zuazo Algar, Antonio _9296 |
|
| 245 | 1 | 0 |
_aDiccionario del periodismo _cAntonio López de Zuazo ; Pr. José Luis Martínez Albertos |
| 260 |
_aMadrid _c1976 _bPirámide |
||
| 942 |
_cMON _2ddc |
||
| 999 |
_c742 _d742 |
||